[Event "27th Open"]
[Site "Cappelle la Grande FRA"]
[Date "2011.02.27"]
[Round "2"]
[White "Santos,AntonioP"]
[Black "Lalic,B"]
[Result "1/2-1/2"]
[WhiteElo "2335"]
[BlackElo "2491"]
[EventDate "2011.02.26"]

1. d4 Nf6 2. c4 e6 3. Nf3 c5 4. d5 d6 5. Nc3 exd5 6. cxd5 g6 7. e4 Bg7 8.
Be2 O-O 9. O-O Bg4 10. Bf4 a6 11. a4 Bxf3 12. Bxf3 Qe7 13. Qc2 Nbd7 14. g3
Rfe8 15. a5 Rab8 16. Ra4 h5 17. h3 Nh7 18. Bg2 b5 19. axb6 Rxb6 20. Rfa1
Reb8 21. R1a2 h4 22. Rxa6 Be5 23. Rxb6 Rxb6 24. Qd2 hxg3 25. fxg3 g5 26.
Bxe5 Qxe5 27. Kh2 Qd4 28. Qxd4 cxd4 29. Nd1 Nc5 30. Ra8+ Kg7 31. Rc8 Nd3
32. Rc6 Rb4 33. Rxd6 Nxb2 34. Nxb2 Rxb2 35. Ra6 Nf6 36. d6 d3 37. e5 Nd7
38. e6 fxe6 39. Ra1 Kf6 40. Rd1 d2 41. Kg1 Ke5 42. Bc6 Kxd6 43. Bxd7 Kxd7
44. Kf2 Ke7 45. Ke2 Rb3 46. Rg1 d1=Q+ 47. Rxd1 Rxg3 48. Rh1 Kf6 49. Kf2 Rc3
50. h4 g4 51. h5 Rh3 52. Rxh3 gxh3 53. Kg3 Kg5 54. Kh2 Kh6 55. Kg3 h2 56.
Kxh2 Kxh5 57. Kh3 Kg5 58. Kg3 Kf5 59. Kf3 Ke5 60. Ke3 1/2-1/2

[Event "27th Open"]
[Site "Cappelle la Grande FRA"]
[Date "2011.02.27"]
[Round "2"]
[White "Arnaudov,G"]
[Black "Videnova,I"]
[Result "1-0"]
[WhiteElo "2489"]
[BlackElo "2284"]
[EventDate "2011.02.26"]

1. d4 Nf6 2. c4 e6 3. g3 c5 4. d5 exd5 5. cxd5 b5 6. e4 Nxe4 7. Qe2 Qe7 8.
Bg2 f5 9. Nh3 b4 10. O-O Ba6 11. Qc2 Bxf1 12. Kxf1 Qf6 13. Nd2 Nxd2+ 14.
Bxd2 Bd6 15. Re1+ Kf8 16. Bxb4 Na6 17. Bc3 Qf7 18. Ng5 Qg6 19. Ne6+ dxe6
20. Rxe6 Nb4 21. Qa4 Qg5 22. f4 Qd8 23. a3 a5 24. axb4 axb4 25. Rxd6 Qc8
26. Qb5 bxc3 27. Rc6 Qe8 28. Qxc5+ Qe7 29. Qxc3 Re8 30. Rc7 Qe2+ 31. Kg1
Re7 32. Rc8+ Re8 33. Qc5+ Kf7 34. Rc7+ Kg6 35. Qc6+ Kh5 36. h3 Rhg8 37. Kh2
Re3 38. Qd7 Rxg3 39. Kxg3 Qe3+ 40. Bf3+ Kh6 1-0

[Event "27th Open"]
[Site "Cappelle la Grande FRA"]
[Date "2011.02.27"]
[Round "2"]
[White "Sepp,O"]
[Black "Bauduin,E"]
[Result "1-0"]
[WhiteElo "2485"]
[BlackElo "2255"]
[EventDate "2011.02.26"]

1. Nf3 e6 2. g3 f5 3. Bg2 Nf6 4. O-O d5 5. d3 Be7 6. c4 O-O 7. Nc3 d4 8.
Nb5 Nc6 9. e3 dxe3 10. Bxe3 Ng4 11. Qe2 e5 12. Rad1 Nxe3 13. fxe3 Bf6 14.
Kh1 Bd7 15. Nc3 g6 16. Nd5 Bg7 17. Nd2 Be6 18. Nb1 Qd7 19. Nbc3 Rae8 20.
Qc2 Nd8 21. Na4 b6 22. b3 Nf7 23. Nac3 c6 24. Nb4 Nd8 25. Qe2 a5 26. Nc2
Qc8 27. Qd2 Bd7 28. Na4 Qc7 29. c5 b5 30. Nb6 Nb7 31. Nxd7 Qxd7 32. b4 Rd8
33. Qc3 a4 34. Qe1 Qe6 35. a3 Rf7 36. Qe2 Rfd7 37. e4 f4 38. gxf4 exf4 39.
Rxf4 Be5 40. Rf3 Qa2 41. Bh3 Rf7 42. Rxf7 Qxf7 43. d4 Bf4 44. e5 Re8 45.
Qe4 Nd8 46. Rf1 g5 47. Rg1 Kh8 48. Qf5 Qxf5 49. Bxf5 Ne6 50. Rd1 Re7 51.
Kg2 Nc7 52. Be4 1-0

[Event "27th Open"]
[Site "Cappelle la Grande FRA"]
[Date "2011.02.27"]
[Round "2"]
[White "Sieciechowicz,M"]
[Black "Ravot,S"]
[Result "1-0"]
[WhiteElo "2441"]
[BlackElo "2250"]
[EventDate "2011.02.26"]

1. d4 Nf6 2. c4 c5 3. d5 e6 4. Nc3 exd5 5. cxd5 d6 6. e4 g6 7. f4 Bg7 8.
Bb5+ Nbd7 9. e5 dxe5 10. fxe5 Nh5 11. e6 Qh4+ 12. g3 Nxg3 13. hxg3 Qxh1 14.
Be3 a6 15. exd7+ Bxd7 16. Bxd7+ Kxd7 17. Qg4+ f5 18. Qa4+ Kc8 19. O-O-O
Bxc3 20. bxc3 Qe4 21. Qxe4 fxe4 22. Bxc5 Kc7 23. Nh3 Rhe8 24. Nf4 b6 25.
Be7 Kd7 26. d6 Rec8 27. Nd5 Rc6 28. Nf6+ Ke6 29. Nxe4 Rc4 30. Re1 Kd7 31.
Nf6+ Kc6 32. Kb2 Ra7 33. Re6 Rd7 34. Kb3 b5 35. Nxd7 Kxd7 36. Rf6 Rg4 37.
Rf7 Kc6 38. Rxh7 a5 39. Rg7 b4 40. Bf8 Rxg3 41. Rc7+ 1-0

[Event "27th Open"]
[Site "Cappelle la Grande FRA"]
[Date "2011.02.27"]
[Round "2"]
[White "Daels,M"]
[Black "Khotenashvili,B"]
[Result "0-1"]
[WhiteElo "2229"]
[BlackElo "2440"]
[EventDate "2011.02.26"]

1. e4 c6 2. d4 d5 3. exd5 cxd5 4. c4 Nf6 5. Nc3 e6 6. Nf3 Bb4 7. Bd2 O-O 8.
Rc1 Nc6 9. a3 Be7 10. Bg5 h6 11. Be3 Bd6 12. Bd3 dxc4 13. Bxc4 Ne7 14. O-O
b6 15. Qe2 Bb7 16. Ne5 Ned5 17. Nxd5 Nxd5 18. Rfe1 Qh4 19. Ba6 Bxa6 20.
Qxa6 Nxe3 21. Nf3 Bxh2+ 22. Nxh2 Nd5 23. Nf3 Qg4 24. Rc6 Rad8 25. Rec1 Nf4
26. Qf1 Rd5 27. Rc8 Rxc8 28. Rxc8+ Kh7 29. Nh2 Ne2+ 30. Kh1 Rh5 0-1

[Event "27th Open"]
[Site "Cappelle la Grande FRA"]
[Date "2011.02.27"]
[Round "2"]
[White "Papp,Petra"]
[Black "Nikcevic,N"]
[Result "0-1"]
[WhiteElo "2230"]
[BlackElo "2430"]
[EventDate "2011.02.26"]

1. e4 e5 2. Nf3 Nc6 3. Bb5 Nf6 4. O-O Nxe4 5. Re1 Nd6 6. Nxe5 Be7 7. Bf1
Nf5 8. Nf3 O-O 9. d4 d5 10. c3 Bd6 11. Bd3 Nh4 12. g3 Ng6 13. Bg5 f6 14.
Be3 Nce7 15. Na3 Bxa3 16. bxa3 Bg4 17. Bf1 Qd7 18. Bg2 Bh3 19. Bh1 c6 20.
a4 Nf5 21. Bc1 Rfe8 22. Ba3 Rxe1+ 23. Nxe1 Nh6 24. Nd3 Re8 25. Qd2 Nf7 26.
Re1 h6 27. Nc5 Rxe1+ 28. Qxe1 Qc8 29. Bg2 Bxg2 30. Kxg2 Ng5 31. Qe3 Qh3+
32. Kg1 Nh4 33. gxh4 Nf3+ 34. Qxf3 Qxf3 35. Nxb7 Qg4+ 36. Kf1 Qxh4 37. Bc5
a6 38. Na5 Qxh2 39. Nxc6 h5 40. Ke2 Qg2 41. Nb4 h4 42. Bd6 h3 43. Nxa6 Qg4+
44. Kd2 Qe6 0-1

[Event "27th Open"]
[Site "Cappelle la Grande FRA"]
[Date "2011.02.27"]
[Round "2"]
[White "Bressac,S"]
[Black "Shirazi,K"]
[Result "1/2-1/2"]
[WhiteElo "2209"]
[BlackElo "2419"]
[EventDate "2011.02.26"]

1. e4 c5 2. Nf3 d6 3. d4 Nf6 4. Nc3 cxd4 5. Nxd4 Nc6 6. g3 Bg4 7. f3 Bd7 8.
Be3 e6 9. Qd2 Nxd4 10. Bxd4 a6 11. O-O-O Bc6 12. Kb1 Be7 13. g4 b5 14. h4
b4 15. Ne2 d5 16. e5 Nd7 17. f4 Nb6 18. f5 Nc4 19. Qd3 Bb5 20. Qg3 a5 21.
Nf4 Ra6 22. fxe6 fxe6 23. g5 a4 24. Bh3 Bd7 25. Nh5 Qa5 26. Nxg7+ Kd8 27.
Rhf1 b3 28. cxb3 axb3 29. Qxb3 Kc7 30. Rc1 Rb8 31. Rxc4+ dxc4 32. Qxc4+ Rc6
33. Qd3 Qd5 34. Rd1 Rf8 35. Qe2 Qa5 36. Bg2 Ra6 37. Qc4+ Kb8 38. Bc3 Qa4
39. Qxa4 Bxa4 40. b3 Bb5 41. a4 Bc6 42. Bf1 Rb6 43. Bc4 Bxa4 44. Kc2 Rc6
45. Rd4 Rf2+ 46. Rd2 Rf4 47. Kb2 Rxh4 48. Bxe6 Rxc3 49. Kxc3 Bb4+ 50. Kc2
Bxd2 51. Kxd2 Bc6 52. Bf5 Be4 53. Ke3 Bxf5 54. Nxf5 Rg4 55. e6 Kc7 56. Kf3
Rxg5 57. Kf4 Rg6 58. Ke5 h5 59. b4 Rg4 60. b5 Rb4 61. Nd6 Rb1 62. b6+ Rxb6
63. e7 Rb8 64. e8=Q Rxe8+ 1/2-1/2

[Event "27th Open"]
[Site "Cappelle la Grande FRA"]
[Date "2011.02.27"]
[Round "2"]
[White "Van Weersel,A"]
[Black "Aguettaz,M"]
[Result "0-1"]
[WhiteElo "2219"]
[BlackElo "2414"]
[EventDate "2011.02.26"]

1. e4 c5 2. Nf3 d6 3. d4 cxd4 4. Nxd4 Nf6 5. Nc3 g6 6. Bc4 Bg7 7. Be3 O-O
8. Qd2 Ng4 9. Bg5 Qb6 10. Nb3 Be6 11. Bxe6 fxe6 12. O-O Nc6 13. h3 Nge5 14.
Qe2 Rac8 15. Rad1 Qa6 16. Qxa6 bxa6 17. Na4 Nc4 18. c3 Nb6 19. Nxb6 axb6
20. Be3 b5 21. Nd4 Nxd4 22. Bxd4 Rc4 23. f3 Bxd4+ 24. Rxd4 Rxd4 25. cxd4
Rc8 26. b3 Kf7 27. Rf2 Rc1+ 28. Kh2 Rd1 29. Rc2 Rxd4 30. Rc6 a5 31. Rb6 Rd2
32. Rxb5 Rxa2 33. h4 Kf6 34. Rb8 Rb2 35. Rb5 Ra2 36. Rb8 d5 37. Kg3 d4 38.
f4 Re2 39. Rf8+ Kg7 40. Ra8 Rxe4 41. Rxa5 Re3+ 42. Kf2 Rxb3 43. Ra4 d3 44.
Rd4 Kf6 45. Ke3 d2+ 46. Ke4 Rb4 47. Rxb4 d1=Q 48. Rb8 Qe2+ 0-1

[Event "27th Open"]
[Site "Cappelle la Grande FRA"]
[Date "2011.02.27"]
[Round "2"]
[White "Guerra Bastida,D"]
[Black "Strugnell,C"]
[Result "1-0"]
[WhiteElo "2413"]
[BlackElo "2231"]
[EventDate "2011.02.26"]

1. d4 Nf6 2. Nf3 g6 3. g3 Bg7 4. Bg2 O-O 5. O-O d5 6. c4 dxc4 7. Nbd2 Nc6
8. Nxc4 Be6 9. b3 Ne4 10. Bb2 Qc8 11. Ne1 f5 12. e3 Bd5 13. Nd3 b5 14. Nd2
b4 15. Rc1 Qa6 16. Nf4 e6 17. Nxe4 fxe4 18. Qc2 Ne7 19. Bxe4 Rxf4 20. exf4
1-0

[Event "27th Open"]
[Site "Cappelle la Grande FRA"]
[Date "2011.02.27"]
[Round "2"]
[White "Marholev,D"]
[Black "Haast,M"]
[Result "1/2-1/2"]
[WhiteElo "2401"]
[BlackElo "2209"]
[EventDate "2011.02.26"]

1. e4 c5 2. Nc3 Nc6 3. Bb5 Nd4 4. Bc4 e6 5. Nge2 Nf6 6. O-O a6 7. d3 b5 8.
Bb3 Nxb3 9. axb3 Bb7 10. Ng3 Qc7 11. f4 h5 12. h3 h4 13. Nh1 d5 14. e5 d4
15. Ne2 Qc6 16. Rf2 Ng4 17. Rf3 Nh6 18. Nf2 Nf5 19. Ne4 Qb6 20. Qe1 Bc6 21.
Kh2 Qb7 22. Ng1 Ng3 23. Nxg3 Bxf3 24. Nxf3 hxg3+ 25. Qxg3 a5 26. Qe1 a4 27.
bxa4 bxa4 28. Nd2 Be7 29. Nc4 O-O 30. Qg3 g6 31. Bd2 Kg7 32. Rf1 Ra6 33.
Qg4 Qd5 34. Ba5 Rb8 35. Bd2 Rb5 36. h4 Rb8 37. g3 Rh8 38. Ra1 Qc6 39. Be1
1/2-1/2

[Event "27th Open"]
[Site "Cappelle la Grande FRA"]
[Date "2011.02.27"]
[Round "2"]
[White "Fier,A"]
[Black "Gasik,An"]
[Result "1-0"]
[WhiteElo "2571"]
[BlackElo "2201"]
[EventDate "2011.02.26"]

1. e4 c6 2. d4 d5 3. e5 c5 4. Nf3 Bg4 5. c4 cxd4 6. cxd5 Qxd5 7. Nc3 Qd7 8.
Bb5 Nc6 9. Qxd4 Nxd4 10. Nxd4 O-O-O 11. Bxd7+ Rxd7 12. Be3 e6 13. f3 Bh5
14. Ke2 Ne7 15. Rac1 Kb8 16. Rhd1 Nd5 17. Nxd5 exd5 18. Nb5 b6 19. Nc3 f6
20. e6 Re7 21. Nxd5 Rxe6 22. Nf4 Re5 23. Rd8+ Kb7 24. Nxh5 Bc5 25. Rxh8
Bxe3 26. Rd1 Bh6+ 27. Kf1 Rxh5 28. Rxh7 Rxh2 29. Rd7+ Kc6 30. Rdxg7 1-0

[Event "27th Open"]
[Site "Cappelle la Grande FRA"]
[Date "2011.02.27"]
[Round "2"]
[White "Mirzoev,A"]
[Black "Pace,C"]
[Result "1-0"]
[WhiteElo "2563"]
[BlackElo "2180"]
[EventDate "2011.02.26"]

1. d4 f5 2. Bg5 g6 3. Nc3 Bg7 4. e4 fxe4 5. Nxe4 d5 6. Nc5 b6 7. Nb3 Nh6 8.
Nf3 Nf7 9. Bh4 O-O 10. Be2 a5 11. a4 Qd6 12. O-O e5 13. Bg3 c6 14. Re1 Nd7
15. c4 Ba6 16. cxd5 Bxe2 17. Rxe2 cxd5 18. Nc1 Rae8 19. Nd3 Re6 20. Qb3
Rfe8 21. Rae1 g5 22. h3 h5 23. Qb5 g4 24. hxg4 hxg4 25. dxe5 Ndxe5 26. Nd4
1-0

[Event "27th Open"]
[Site "Cappelle la Grande FRA"]
[Date "2011.02.27"]
[Round "2"]
[White "Billon,O"]
[Black "Maiorov,N1"]
[Result "0-1"]
[WhiteElo "2177"]
[BlackElo "2540"]
[EventDate "2011.02.26"]

1. e4 e5 2. Nf3 Nc6 3. Bb5 a6 4. Ba4 Nf6 5. O-O Be7 6. Re1 d6 7. Bxc6+ bxc6
8. d4 exd4 9. Nxd4 Bd7 10. c4 O-O 11. Nc3 g6 12. b3 Nh5 13. Nf5 Bf6 14. Bb2
Be5 15. Nh6+ Kh8 16. Ng4 Bg7 17. Na4 Qg5 18. Bxg7+ Nxg7 19. Ne3 f5 20. f4
Qxf4 21. e5 Rae8 22. Nc5 Bc8 23. Nd3 Qd4 0-1

[Event "27th Open"]
[Site "Cappelle la Grande FRA"]
[Date "2011.02.27"]
[Round "2"]
[White "Meneses Gonzalez,K"]
[Black "Szabo,Krisz1"]
[Result "0-1"]
[WhiteElo "2170"]
[BlackElo "2517"]
[EventDate "2011.02.26"]

1. e4 e5 2. Nf3 Nc6 3. Bb5 a6 4. Ba4 Nf6 5. O-O b5 6. Bb3 Bc5 7. d3 d6 8.
c3 h6 9. Be3 O-O 10. Nbd2 Bxe3 11. fxe3 Na5 12. Bc2 c5 13. Qe1 Nc6 14. Bb3
Ne7 15. Qg3 Kh7 16. d4 Ng6 17. Rad1 Qe7 18. Qf2 Bb7 19. Bc2 Rac8 20. Rfe1
a5 21. d5 c4 22. Nf1 Qd7 23. Ng3 b4 24. Nf5 Rb8 25. Nd2 Ba6 26. Rb1 Qc7 27.
Ba4 Ne7 28. Rf1 Nxf5 29. Qxf5+ Kg8 30. Qf3 bxc3 31. bxc3 Qc5 32. Bc6 Qa3
33. Qe2 Qxc3 34. Rxf6 gxf6 35. Qg4+ Kh8 36. Rxb8 Qxe3+ 37. Kf1 Rxb8 0-1

[Event "27th Open"]
[Site "Cappelle la Grande FRA"]
[Date "2011.02.27"]
[Round "2"]
[White "Sulashvili,M"]
[Black "Pinho,P"]
[Result "1-0"]
[WhiteElo "2497"]
[BlackElo "2179"]
[EventDate "2011.02.26"]

1. d4 f5 2. Nc3 Nf6 3. Bg5 d5 4. Bxf6 exf6 5. e3 c6 6. Bd3 Bb4 7. Qf3 g6 8.
h3 Be6 9. Nge2 Nd7 10. g4 fxg4 11. hxg4 Nf8 12. a3 Ba5 13. b4 Bc7 14. Na4
Qe7 15. Nc5 O-O-O 16. Rb1 Bf7 17. Nf4 Nd7 18. Kd2 Ne5 19. dxe5 fxe5 20. Ne2
e4 21. Qh3 exd3 22. cxd3 Kb8 23. Nd4 Be5 24. Qh4 g5 25. Qh6 Bxd4 26. exd4
Bg6 27. Qh2+ Ka8 28. Rhe1 Qf6 29. Kc3 Rhe8 30. Ne6 a6 31. Qe5 Qxf2 32. Rf1
Qa2 33. Ra1 1-0

[Event "27th Open"]
[Site "Cappelle la Grande FRA"]
[Date "2011.02.27"]
[Round "2"]
[White "Bernadskiy,V"]
[Black "Chevant,L"]
[Result "1-0"]
[WhiteElo "2438"]
[BlackElo "2168"]
[EventDate "2011.02.26"]

1. d4 d5 2. c4 c6 3. Nc3 Nf6 4. Nf3 a6 5. e3 b5 6. c5 Bg4 7. Qb3 Nbd7 8. a4
g6 9. Qa3 Bxf3 10. gxf3 Rb8 11. axb5 axb5 12. Qa5 e5 13. Qxd8+ Rxd8 14. Ra6
Nb8 15. Ra7 Bh6 16. Nxb5 cxb5 17. Bxb5+ Kf8 18. dxe5 Nfd7 19. c6 Nxc6 20.
Bxc6 Nxe5 21. Bb7 Nxf3+ 22. Ke2 Ne5 23. b3 Bg7 24. Ba3+ Kg8 25. f4 Nd7 26.
Bxd5 Bf6 27. Rd1 Kg7 28. Bc4 1-0

[Event "27th Open"]
[Site "Cappelle la Grande FRA"]
[Date "2011.02.27"]
[Round "2"]
[White "Housieaux,D"]
[Black "Roussel,C"]
[Result "1-0"]
[WhiteElo "2423"]
[BlackElo "2163"]
[EventDate "2011.02.26"]

1. d4 Nf6 2. c4 e6 3. Nc3 d5 4. Nf3 c6 5. Qd3 dxc4 6. Qxc4 b5 7. Qd3 a6 8.
e4 c5 9. dxc5 Qxd3 10. Bxd3 Bxc5 11. e5 Nfd7 12. Ne4 Be7 13. Bf4 Bb7 14.
Ke2 Nc5 15. Nxc5 Bxc5 16. a4 b4 17. Rhc1 Nd7 18. a5 f6 19. exf6 gxf6 20.
Be3 Rc8 21. Rc4 Ke7 22. Rac1 Kd6 23. Bxc5+ Rxc5 24. Rd4+ Bd5 25. Ra1 b3 26.
Nd2 Kc6 27. Ne4 Bxe4 28. Bxe4+ Kc7 29. Rad1 Rd8 30. Bxh7 Rxa5 31. h4 Rh5
32. Bg6 Rd5 33. Rxd5 exd5 34. Rxd5 Rg8 35. Be4 Nb6 36. Rc5+ Kd7 37. Rc3 Kd6
38. Rxb3 Nc4 39. Rd3+ Kc5 40. b3 Ne5 41. Rd5+ Kb4 42. f4 Rg4 43. fxe5 Rxe4+
44. Kf3 Rxh4 45. exf6 Kxb3 46. f7 Rh8 47. Rf5 Rf8 48. g4 a5 49. g5 a4 50.
g6 1-0

[Event "27th Open"]
[Site "Cappelle la Grande FRA"]
[Date "2011.02.27"]
[Round "2"]
[White "Foisor,O"]
[Black "Przymusinski,N"]
[Result "1/2-1/2"]
[WhiteElo "2397"]
[BlackElo "2162"]
[EventDate "2011.02.26"]

1. d4 d6 2. Nf3 Bg4 3. c4 Nd7 4. Qb3 Rb8 5. g3 Ngf6 6. Bg2 c5 7. Be3 g6 8.
O-O cxd4 9. Bxd4 a6 10. Nc3 Bg7 11. h3 Bxf3 12. Bxf3 Nc5 13. Bxc5 dxc5 14.
Rad1 Qa5 15. Qa4+ Qxa4 16. Nxa4 b6 17. Bc6+ Kf8 18. Nxb6 e6 19. Na4 Ke7 20.
b3 Rhc8 21. Bg2 Nd7 22. Rd3 Nb6 23. Nxb6 Rxb6 24. Rfd1 Rc7 25. Rd8 a5 26.
Ra8 Bc3 27. Rd3 Bb4 28. f4 Rd6 29. Rxd6 Kxd6 30. Ra6+ Ke7 31. Bc6 h5 32.
Kf2 Kf6 33. Kf3 Rc8 34. g4 hxg4+ 35. hxg4 g5 36. f5 Ke5 37. Bd7 Rf8 38. e3
exf5 39. Bxf5 Rd8 40. a3 Bxa3 41. Rxa5 Bb4 42. Ra7 Kf6 43. Be4 Re8 44. Bd5
Re7 45. Ra6+ Kg7 46. Ke2 Bc3 47. Kd3 Bb4 48. Ra2 Be1 49. Ra1 Bb4 50. Ra6
Be1 51. Be4 Bb4 52. Bf5 Be1 53. Rc6 Bb4 54. Rb6 Ba3 55. Ra6 Bb4 1/2-1/2

[Event "27th Open"]
[Site "Cappelle la Grande FRA"]
[Date "2011.02.27"]
[Round "2"]
[White "Petkevich,J"]
[Black "Van Hoolandt,P"]
[Result "1/2-1/2"]
[WhiteElo "2394"]
[BlackElo "2158"]
[EventDate "2011.02.26"]

1. Nf3 d5 2. d4 Nf6 3. e3 e6 4. Bd3 c5 5. b3 Nc6 6. Bb2 Bd6 7. Nbd2 O-O 8.
O-O Nb4 9. Be2 b6 10. Ne5 Bb7 11. a3 Nc6 12. Bd3 Qe7 13. f4 cxd4 14. exd4
Rfc8 15. Qf3 g6 16. g4 Ne8 17. g5 f6 18. Ng4 Nd8 19. Rae1 Qg7 20. h4 f5 21.
Ne5 Rc7 22. Qe2 Qf8 23. h5 gxh5 24. Qxh5 Rg7 25. Ndf3 Nf6 26. Qh6 Ne4 27.
Rd1 Rc8 28. Kg2 Rgc7 29. Qxf8+ Bxf8 30. Rde1 Bg7 1/2-1/2

[Event "27th Open"]
[Site "Cappelle la Grande FRA"]
[Date "2011.02.27"]
[Round "2"]
[White "Marchyllie,B"]
[Black "Butkiewicz,L"]
[Result "0-1"]
[WhiteElo "2146"]
[BlackElo "2394"]
[EventDate "2011.02.26"]

1. e4 c5 2. Nc3 a6 3. g3 b5 4. Bg2 Bb7 5. d3 e6 6. Nf3 Nc6 7. O-O d6 8. Bf4
e5 9. Bg5 Be7 10. Qd2 h6 11. Be3 Nf6 12. Nh4 g6 13. Rae1 Ng4 14. Nd5 Bxh4
15. gxh4 Qxh4 16. h3 Nxe3 17. fxe3 O-O 18. Rf6 Rad8 19. Ref1 Bc8 20. Kh2 h5
21. R1f3 Kg7 22. Qc1 Rde8 23. Rxd6 Re6 24. Rxe6 Bxe6 25. Qf1 Ne7 26. Nc7
Bc8 27. b3 Ng8 28. Qa1 Qe7 29. Nd5 Qd6 30. c4 Be6 31. Qe1 g5 32. Qg3 f6 33.
Kg1 h4 34. Qe1 Ne7 35. Qf2 Bc8 36. Qd2 Nc6 37. Rf2 Be6 38. Kh2 Bxd5 39.
exd5 Ne7 40. e4 Ng6 41. Rf5 Nf4 42. Qc2 Qb6 43. Qd1 Qa5 44. Rxf4 exf4 45.
Qg4 Qe1 46. Bf3 Qf2+ 47. Qg2 Qg3+ 48. Kh1 Qe1+ 49. Kh2 Qc3 50. Be2 bxc4 51.
dxc4 Qg3+ 52. Kh1 Re8 53. Bf3 Kf8 54. Qe2 Qxh3+ 55. Kg1 Qg3+ 56. Kh1 h3 57.
b4 h2 58. Qg2 Rb8 0-1

[Event "27th Open"]
[Site "Cappelle la Grande FRA"]
[Date "2011.02.27"]
[Round "2"]
[White "Nguyen,P"]
[Black "Grandadam,P"]
[Result "1-0"]
[WhiteElo "2394"]
[BlackElo "2144"]
[EventDate "2011.02.26"]

1. d4 d5 2. Nf3 e6 3. e3 Nf6 4. Bd3 c5 5. b3 Nc6 6. Bb2 Be7 7. Nbd2 O-O 8.
Ne5 Qc7 9. a3 b6 10. Qf3 Bb7 11. Qh3 g6 12. f4 cxd4 13. exd4 Ne4 14. Ndf3
Bf6 15. O-O Bg7 16. Rae1 Rae8 17. Ng5 Nxg5 18. fxg5 f5 19. Qh4 Nxe5 20.
dxe5 Rc8 21. Bd4 Rf7 22. b4 a5 23. Qf2 axb4 24. axb4 Qe7 25. h4 Qxb4 26.
Rb1 Qe7 27. Rxb6 Rc6 28. Rfb1 Rxb6 29. Rxb6 Bf8 30. Qd2 Bc8 31. Qc3 Bd7 32.
Rb8 Kg7 33. Qd2 h5 34. Bb6 Qb4 35. Qxb4 Bxb4 36. Bd8 Be7 37. Bxe7 Rxe7 38.
Rb7 Kf7 39. Kf2 Ba4 40. Rxe7+ Kxe7 41. Ke3 Kd7 42. Kd4 Kc6 43. g4 fxg4 44.
Bxg6 g3 45. Ke3 Kc5 46. Bd3 Be8 47. g6 d4+ 48. Kf3 Kd5 49. g7 Bf7 50. Bh7
Kxe5 51. Kxg3 d3 52. cxd3 Kd4 53. Kf4 e5+ 54. Kg5 1-0

[Event "27th Open"]
[Site "Cappelle la Grande FRA"]
[Date "2011.02.27"]
[Round "2"]
[White "Smith,T"]
[Black "Benitah,Y"]
[Result "0-1"]
[WhiteElo "2143"]
[BlackElo "2389"]
[EventDate "2011.02.26"]

1. e4 c5 2. Nf3 d6 3. d4 cxd4 4. Nxd4 Nf6 5. Nc3 a6 6. f4 Nbd7 7. a4 e6 8.
Qf3 Be7 9. Bd3 Nc5 10. Be3 O-O 11. O-O g6 12. h3 Nfd7 13. b4 Nxd3 14. cxd3
Bf6 15. Rac1 Bg7 16. Qf2 a5 17. Ncb5 e5 18. Nf3 axb4 19. Nxd6 exf4 20. Bxf4
b6 21. Bg5 f6 22. Qa2+ Kh8 23. Bd2 Nc5 24. Bxb4 Rxa4 25. Qxa4 Nxa4 26. Rxc8
Qe7 27. Nf7+ Qxf7 28. Bxf8 Bxf8 29. Ra1 b5 30. Rac1 Kg8 31. R1c7 Qe6 32. e5
Nb6 33. Rb8 b4 34. Kh1 Nd7 35. Rd8 Nxe5 36. Nd4 Qb6 37. Rcc8 Kg7 38. Rb8
Qa7 39. Ra8 Qe7 40. Rxf8 Nxd3 41. Rfe8 Qd6 42. Rad8 Qa6 43. Re7+ Kh6 44.
Rdd7 Ne5 45. Rxh7+ Kg5 46. Rd8 b3 47. Kh2 b2 48. Kg3 Qd3+ 0-1

[Event "27th Open"]
[Site "Cappelle la Grande FRA"]
[Date "2011.02.27"]
[Round "2"]
[White "Nguyen Chi Minh"]
[Black "La Bella,R"]
[Result "1-0"]
[WhiteElo "2389"]
[BlackElo "2138"]
[EventDate "2011.02.26"]

1. d4 Nf6 2. c4 c5 3. d5 e6 4. Nc3 exd5 5. cxd5 d6 6. e4 g6 7. f4 Bg7 8.
Bb5+ Nfd7 9. Nf3 O-O 10. O-O a6 11. Bd3 b5 12. a3 Re8 13. Kh1 c4 14. Bc2
Qb6 15. Qe1 Nc5 16. Be3 Ra7 17. e5 f5 18. exf6 Qd8 19. fxg7 Rae7 20. Ng5
Rxe3 21. Qh4 h5 22. Bxg6 Kxg7 23. Bxe8 Qxe8 24. f5 Re5 25. f6+ Kg6 26. f7
Qf8 27. Rf6+ Kg7 28. Qf4 Nd3 29. Ne6+ Bxe6 30. Qh6+ 1-0

[Event "27th Open"]
[Site "Cappelle la Grande FRA"]
[Date "2011.02.27"]
[Round "2"]
[White "Meng,R"]
[Black "Ferreira,Jor1"]
[Result "1-0"]
[WhiteElo "2132"]
[BlackElo "2367"]
[EventDate "2011.02.26"]

1. e4 e6 2. d4 d5 3. Nc3 Nf6 4. e5 Nfd7 5. f4 c5 6. Nf3 Nc6 7. Be3 Be7 8.
Qd2 O-O 9. g3 b6 10. Bg2 Ba6 11. Ne2 f5 12. exf6 Bxf6 13. c3 Rc8 14. O-O
cxd4 15. cxd4 Qe7 16. Rf2 Rc7 17. Nc3 Na5 18. f5 Nc4 19. Qe1 Rcc8 20. Bf4
exf5 21. Qxe7 Bxe7 22. Nxd5 Bf6 23. b3 Na3 24. Rd1 Nb5 25. Ne5 Rfd8 26.
Rfd2 Nc3 27. Nxc3 Rxc3 28. Bd5+ Kf8 29. Nc6 Rxc6 30. Bxc6 Nb8 31. d5 Bc3
32. Rc2 Bb4 33. Bc7 Nxc6 34. Rxc6 Rd7 35. Be5 Bb7 36. Rc7 Bc5+ 37. Kf1 Rxc7
38. Bxc7 Ke7 39. Bb8 a5 40. Be5 g6 41. Ke2 Bd6 42. Bf4 Bxf4 43. gxf4 Kd6
44. Ke3 Bxd5 45. Kd4 Be6 46. Re1 Bd7 47. Re3 Be6 48. a3 Bf7 49. b4 a4 50.
b5 Be6 51. h4 Bf7 52. Re5 Be6 53. Re2 Bf7 54. Re1 Be6 55. Re5 h6 56. Re2
Bf7 57. Rg2 Be8 58. Rb2 Bf7 59. Rc2 Be8 60. Rc8 Ke7 61. Rb8 Bxb5 62. Rxb6
Be8 63. Kd5 h5 64. Rb7+ Bd7 65. Ra7 1-0

[Event "27th Open"]
[Site "Cappelle la Grande FRA"]
[Date "2011.02.27"]
[Round "2"]
[White "Lejlic,S"]
[Black "Frisk,E"]
[Result "0-1"]
[WhiteElo "2361"]
[BlackElo "2131"]
[EventDate "2011.02.26"]

1. e4 d5 2. exd5 Nf6 3. Bb5+ Bd7 4. Be2 Nxd5 5. d4 Bf5 6. Nf3 e6 7. O-O Be7
8. c4 Nb4 9. Ne1 c5 10. Bf3 N8c6 11. a3 Na6 12. d5 Nd4 13. dxe6 Bxe6 14.
Bxb7 Bxc4 15. Nf3 Be2 16. Qe1 Bxf3 17. gxf3 Rb8 18. Qe4 f5 19. Bc6+ Kf8 20.
Qd5 Qxd5 21. Bxd5 Ne2+ 22. Kg2 Nxc1 23. Rxc1 Rxb2 24. Ra2 Rxa2 25. Bxa2 Ke8
26. Nc3 Kd7 27. Rd1+ Kc6 28. Bd5+ Kb6 29. Rb1+ Kc7 30. Bc4 Nb8 31. Nd5+ Kd6
32. Ne3 g6 33. Rd1+ Kc6 34. Nd5 Bd6 35. a4 a6 36. Rb1 Nd7 37. Nc3 Be5 38.
Ne2 Rb8 39. Rd1 Rb4 40. Be6 Bd4 41. a5 Nf6 42. Bc8 Kb5 43. Re1 Kxa5 44. Kf1
Rb8 45. Be6 Rb6 46. Bc4 Rb4 47. Nxd4 Rxc4 48. Nc6+ Kb5 49. Re6 Nd5 50. Na7+
Ka5 51. Nc6+ Ka4 52. Re1 Kb5 53. Ne5 Rc2 54. Rd1 Nf4 55. Rb1+ Ka4 56. Ke1
Re2+ 0-1

[Event "27th Open"]
[Site "Cappelle la Grande FRA"]
[Date "2011.02.27"]
[Round "2"]
[White "De Verdier,M"]
[Black "Gertosio,F"]
[Result "1/2-1/2"]
[WhiteElo "2351"]
[BlackElo "2117"]
[EventDate "2011.02.26"]

1. Nf3 Nf6 2. c4 g6 3. d4 Bg7 4. Nc3 d5 5. cxd5 Nxd5 6. Bd2 O-O 7. e4 Nb6
8. Be3 Bg4 9. Be2 Nc6 10. d5 Bxf3 11. gxf3 Na5 12. Bd4 e5 13. Bc5 Re8 14.
Qc2 Nac4 15. Nb5 Nd6 16. Be3 Qf6 17. a4 Rec8 18. Qb3 Bf8 19. a5 Nxb5 20.
Qxb5 c6 21. dxc6 bxc6 22. Qd3 Rd8 23. Qc3 Nd7 24. Rc1 Rab8 25. O-O Bb4 26.
Qxc6 Bxa5 27. Qxf6 Nxf6 28. Bg5 Rd6 29. Rc5 Bd8 30. Rxe5 Rxb2 31. Bc4 Kg7
32. Rb5 Rxb5 33. Bxb5 Nh5 34. Bc1 Rb6 35. Bc4 Bc7 36. Be3 Rb4 37. Bd5 a5
38. Bd2 Rb8 39. Ra1 Nf4 40. Bxf4 Bxf4 41. Rxa5 Rc8 42. h4 Rc7 43. h5 g5 44.
Kg2 f6 45. Kh3 Kh6 46. Kg4 Be5 47. Ra6 Kg7 48. Ra8 Kh6 49. Re8 Rc1 50. Re7
Rc7 51. Rxc7 Bxc7 52. Kf5 Be5 53. Bf7 Kg7 54. Be8 h6 1/2-1/2

[Event "27th Open"]
[Site "Cappelle la Grande FRA"]
[Date "2011.02.27"]
[Round "2"]
[White "Nilsson,S"]
[Black "Caroff,F"]
[Result "1-0"]
[WhiteElo "2344"]
[BlackElo "2104"]
[EventDate "2011.02.26"]

1. e4 c5 2. Nf3 d6 3. d4 cxd4 4. Nxd4 Nf6 5. Nc3 a6 6. Bc4 e6 7. O-O b5 8.
Bb3 Be7 9. Qf3 Qb6 10. Bg5 Bb7 11. Be3 Qa5 12. a3 Nbd7 13. Bxe6 fxe6 14.
Nxe6 b4 15. axb4 Qxb4 16. Bd4 Qc4 17. Nxg7+ Kf7 18. Nf5 Ne5 19. Qf4 Qe6 20.
Rfe1 Ng6 21. Qf3 Rhf8 22. Qh3 Bc8 23. Bxf6 Qxf6 24. Qxh7+ Ke8 25. Nd5 Qf7
26. Nc7+ Kd7 27. Qxf7 Rxf7 28. Nxa8 Kc6 29. Re3 Kb7 30. Rc3 Bxf5 31. exf5
Nf4 32. Rb3+ 1-0